000 00919nam a2200265Ia 4500
999 _c37346
_d37346
003 GCL
005 20240530103156.0
008 140319s1991 ua b 000 0 ara d
040 _aGCL /
_cGCL
082 0 4 _a953/
_bع ش
100 1 _aعبدالعزيز سليمان نوار
245 1 2 _aالشعوب الاسلامية :
_bالاتراك - العثمانيون - الفرس - مسلمو الهند /
_cعبدالعزيز سليمان نوار
260 _aالقاهرة :
_bدار النهضة العربية ،
_c1991
300 _a597 ص :
_bخرائط ؛
_c24 سم.
490 _aالتاريخ الحديث
_v0
650 0 4 _aايران
650 0 4 _aالتاريخ الاسلامى
650 0 4 _aالفرس
650 0 4 _aالهند
650 0 4 _aالمغول
650 0 4 _aالدولة الصفارية
650 0 4 _aالمسلمون فى الهند
650 0 4 _aالترك
942 _2ddc
_cBK